Khảo sát chất lượng nước mặt tại thị trấn Nàng Mau-huyện Vị Thuỷ-tỉnh Hậu Giang : Luận văn tốt nghiệp đại học
Nội dung tìm hiểu chất lượng nước mặt, khảo sát xây dựng sơ đồ thu mẫu, phân tích 2 đợt, mỗi đợt 8 mẫu nước mặt trên các tuyến kênh. Chất lượng nước mặt tại thị trấn, chất lượng nước mặt ở các kênh....
Đã lưu trong:
| Hovedforfatter: | |
|---|---|
| Format: | Bog |
| Sprog: | Undetermined |
| Udgivet: |
Cần Thơ
Trường Đại học Cần Thơ
2005
|
| Fag: | |
| Tags: |
Tilføj Tag
Ingen Tags, Vær først til at tagge denne postø!
|
| Thư viện lưu trữ: | Trung tâm Học liệu Trường Đại học Cần Thơ |
|---|
| LEADER | 01186nam a2200205Ia 4500 | ||
|---|---|---|---|
| 001 | CTU_143343 | ||
| 008 | 210402s9999 xx 000 0 und d | ||
| 082 | |a 333.9115 | ||
| 082 | |b L406 | ||
| 100 | |a Võ, Thị Hoàng Loan | ||
| 245 | 0 | |a Khảo sát chất lượng nước mặt tại thị trấn Nàng Mau-huyện Vị Thuỷ-tỉnh Hậu Giang : | |
| 245 | 0 | |b Luận văn tốt nghiệp đại học | |
| 245 | 0 | |c Võ Thị Hoàng Loan ; Lê Tuyết Minh (Giáo viên hướng dẫn) | |
| 260 | |a Cần Thơ | ||
| 260 | |b Trường Đại học Cần Thơ | ||
| 260 | |c 2005 | ||
| 520 | |a Nội dung tìm hiểu chất lượng nước mặt, khảo sát xây dựng sơ đồ thu mẫu, phân tích 2 đợt, mỗi đợt 8 mẫu nước mặt trên các tuyến kênh. Chất lượng nước mặt tại thị trấn, chất lượng nước mặt ở các kênh. | ||
| 650 | |a Water quality management,Environmental protection,Quản lý chất lượng nước | ||
| 904 | |i Tuyến | ||
| 980 | |a Trung tâm Học liệu Trường Đại học Cần Thơ | ||